Interpretatio authentic: codicis iuris canonici et circa ipsum sanctae sedis iurisprudentia 1916-1940

Salvato in:
Dettagli Bibliografici
Autore principale: Coronata, Matthaeus Conte A (Autore)
Natura: Libro
Lingua:latino
inglese
tedesco
Pubblicazione: Roma Marietti 1940
Soggetti:
Tags: Aggiungi Tag
Nessun Tag, puoi essere il primo ad aggiungerne!!

MARC

LEADER 00000nam a2200000 a 4500
001 UCI2281
003 CL-VaPUC
008 070810e19400000IT |||||||||||||||||lat|d
041 0 7 |a lat  |2 CL-VaPUC 
041 0 7 |a eng  |2 CL-VaPUC 
041 0 7 |a ger  |2 CL-VaPUC 
082 0 4 |a 262.9  |b COR  |2 21 
100 0 |a Coronata, Matthaeus Conte A  |e author  |9 523227 
245 1 0 |a Interpretatio authentic: codicis iuris canonici et circa ipsum sanctae sedis iurisprudentia 1916-1940  
300 |a 452 p 
942 |c BK 
945 |d 20070810 00:00:00  |a jtorresc 
260 |a Roma  |b Marietti  |c 1940 
500 |a Donación Padres Capuchinos 
650 7 |a CODIGO CANONICO  |2 CL-VaPUC  |9 523228 
650 0 |a Jurisprudencia  |9 255952 
583 |a last modification  |c 20070810 00:00:00  |k Rodrigo Vera 
999 |c 326900  |d 326898 
952 |0 0  |1 0  |4 0  |6 262_900000000000000_COR_1940  |7 0  |8 DER_HDC  |9 409155  |a BIBDER  |b BIBDER  |d 2019-11-22  |i 4240898  |l 1  |o 262.9 COR 1940  |p 4240898  |r 2023-01-25  |s 2020-03-19  |w 2019-11-22  |x Ubicación 4to Piso  |y BK  |z Estos recursos deben solicitarse con anticipación  |k DER